[Event "Dake Memorial"]
[Site "McMinnville"]
[Date "2004.06.10"]
[Round "6"]
[White "Van Meter, Lester"]
[Black "Raptis, Nick"]
[Result "0-1"]
[WhiteElo "2240"]
[BlackElo "2262"]
[PlyCount "110"]
[EventDate "2004.06.05"]
[EventType "tourn"]
[EventRounds "9"]
[EventCountry "USA"]
[EventCategory "3"]
[SourceTitle "CBM 100 Extra"]
[Source "ChessBase"]
[SourceDate "2004.07.06"]
[SourceVersion "2"]
[SourceVersionDate "2004.07.06"]
[SourceQuality "1"]

1. d4 Nf6 2. Nf3 g6 3. c4 Bg7 4. Nc3 0-0 5. e4 c5 6. d5 d6 7. h3 b5 8. cxb5 a6 9. a4 Nbd7 10. Ra3 axb5 11. Bxb5 Ba6 12. Bxa6 Rxa6 13. 0-0 Ne8 14. Re1 Nc7 15. Bf4 Qb8 16. Rb3 Rb6 17. Rxb6 Qxb6 18. Qc2 f6 19. Re2 Rb8 20. Be3 Qb4 21. Kh2 Nb6 22. Nd2 Nc4 23. Nxc4 Qxc4 24. Nd1 Qa6 25. Nc3 Rb4 26. f3 Qc4 27. Rf2 Rb3 28. Qd2 f5 29. exf5 Be5+ 30. g3 Bxc3 31. bxc3 Qxc3 32. Bg5 Qxd2 33. Rxd2 Kf7 34. fxg6+ hxg6 35. Kg2 Ra3 36. g4 Rxa4 37. Kf2 Rd4 38. Rxd4 cxd4 39. Ke2 Nxd5 40. Kd3 e5 41. h4 Ke6 42. Bd2 Nf6 43. Bg5 Nd7 44. Kc4 d5+ 45. Kd3 Nc5+ 46. Ke2 e4 47. Bh6 Nd3 48. fxe4 dxe4 49. h5 gxh5 50. gxh5 Kf5 51. Bd2 Ne5 52. h6 Kg6 53. Kf2 e3+ 54. Bxe3 Ng4+ 55. Kf3 dxe3 0-1

[Event "Dake Memorial"]
[Site "McMinnville"]
[Date "2004.06.08"]
[Round "4"]
[White "Van Meter, Lester"]
[Black "Roper, David C"]
[Result "0-1"]
[WhiteElo "2240"]
[BlackElo "2292"]
[PlyCount "80"]
[EventDate "2004.06.05"]
[EventType "tourn"]
[EventRounds "9"]
[EventCountry "USA"]
[EventCategory "3"]
[SourceTitle "CBM 100 Extra"]
[Source "ChessBase"]
[SourceDate "2004.07.06"]
[SourceVersion "2"]
[SourceVersionDate "2004.07.06"]
[SourceQuality "1"]

1. d4 f5 2. g3 g6 3. b3 Bg7 4. Bb2 c5 5. Nf3 Nc6 6. e3 d5 7. Bg2 e6 8. 0-0 Nge7 9. Nbd2 0-0 10. c3 b6 11. c4 Ba6 12. Re1 Qd7 13. Ne5 Nxe5 14. dxe5 Rad8 15. f4 Nc6 16. cxd5 exd5 17. a3 Bd3 18. Nf3 Be4 19. Bf1 h6 20. Nd2 Kh7 21. Rc1 g5 22. Bb5 gxf4 23. exf4 Qe6 24. Qe2 Ne7 25. Bd3 Qg6 26. Nf3 Rg8 27. Nh4 Qf7 28. Rcd1 Bh8 29. Kf2 Ng6 30. Qh5 Rdf8 31. Bxe4 fxe4 32. Nxg6 Rxg6 33. Qe2 Qe6 34. Qd2 Qh3 35. Rh1 d4 36. Bxd4 cxd4 37. Qxd4 Rxf4+ 38. Ke3 Rf3+ 39. Kxe4 Qf5+ 40. Kd5 Qd7+ 0-1

[Event "Chicago op 12th"]
[Site "Chicago"]
[Date "2003.05.26"]
[Round "6"]
[White "Van Meter, Lester"]
[Black "Sailer, Mike L"]
[Result "1/2-1/2"]
[WhiteElo "2262"]
[BlackElo "2159"]
[PlyCount "116"]
[EventDate "2003.05.23"]
[EventType "swiss"]
[EventRounds "7"]
[EventCountry "USA"]
[SourceTitle "CBM 094 Extra"]
[Source "ChessBase"]
[SourceDate "2003.07.09"]
[SourceVersion "2"]
[SourceVersionDate "2003.07.09"]
[SourceQuality "1"]

1. Nf3 c5 2. b3 d5 3. e3 Nf6 4. Bb2 e6 5. Ne5 Nc6 6. Bb5 Bd7 7. Bxc6 Bxc6 8. 0-0 Bd6 9. f4 Qc7 10. d3 h5 11. Nd2 0-0-0 12. Qe2 Ng4 13. Nxg4 hxg4 14. Qxg4 Rh6 15. Nf3 d4 16. Bc1 Rdh8 17. Qxg7 dxe3 18. Bxe3 Bxf4 19. Bxf4 Qxf4 20. Qe5 Qg4 21. Qg3 f5 22. Qxg4 fxg4 23. Ne5 Rxh2 24. Rf8+ Rxf8 25. Kxh2 g3+ 26. Kh3 Rh8+ 27. Kxg3 Rg8+ 28. Ng4 Bxg2 29. Kxg2 Rxg4+ 30. Kf3 Rh4 31. Kg3 Rh5 32. Kf4 Rh2 33. Rc1 Kd7 34. a3 Kd6 35. b4 cxb4 36. Kg3 Rd2 37. axb4 Kd5 38. Kf4 Kd4 39. b5 Kc3 40. Ra1 a6 41. bxa6 bxa6 42. Ke3 Rxc2 43. Rxa6 Rc1 44. Rc6+ Kb2 45. Rc4 Re1+ 46. Kd4 Rh1 47. Rb4+ Ka3 48. Rb6 Rh6 49. Kc3 Ka4 50. Rb1 Ka5 51. Kc4 Ka6 52. Kc5 Rh5+ 53. Kc6 Ka5 54. Rc1 Rd5 55. Rc5+ Rxc5+ 56. Kxc5 Ka4 57. Kc4 Ka3 58. Kc3 e5 1/2-1/2

[Event "US Open-102"]
[Site "Framingham"]
[Date "2001.08.09"]
[Round "6"]
[White "Van Meter, Lester"]
[Black "Perelshteyn, Mikhail"]
[Result "0-1"]
[WhiteElo "2273"]
[BlackElo "2370"]
[PlyCount "74"]
[EventDate "2001.08.04"]
[EventType "swiss"]
[EventRounds "9"]
[EventCountry "USA"]
[SourceTitle "CBM 083 Extra"]
[Source "ChessBase"]
[SourceDate "2001.09.11"]
[SourceVersion "1"]
[SourceVersionDate "2001.09.11"]
[SourceQuality "1"]

1. Nc3 c5 2. Nf3 Nc6 3. g3 g6 4. Bg2 Bg7 5. 0-0 d5 6. d3 Nf6 7. e4 d4 8. Ne2 0-0 9. a4 e5 10. Nd2 a6 11. Nc4 Be6 12. b3 b5 13. Nd2 Nd7 14. f4 f6 15. f5 Bf7 16. fxg6 hxg6 17. Bh3 Nb6 18. Nf3 bxa4 19. bxa4 a5 20. Nh4 Nb4 21. Bd2 Qe8 22. Qc1 Kh7 23. g4 Ra7 24. Ng3 Nxa4 25. g5 fxg5 26. Bxg5 Nc3 27. Qd2 Be6 28. Qg2 Rxf1+ 29. Rxf1 Bxh3 30. Qxh3 Kg8 31. Nhf5 Nxc2 32. Bh6 gxf5 33. Nxf5 Ne3 34. Nxg7 Qg6+ 35. Kh1 Nxf1 36. Qc8+ Kh7 37. Nf5 Nd1 0-1

[Event "Ken Smith Memorial op"]
[Site "Dallas"]
[Date "2001.02.24"]
[Round "2"]
[White "Van Meter, Lester"]
[Black "Thomas, Rodney"]
[Result "1-0"]
[WhiteElo "2211"]
[BlackElo "1808"]
[PlyCount "73"]
[EventDate "2001.02.23"]
[EventType "swiss"]
[EventRounds "5"]
[EventCountry "USA"]
[SourceTitle "EXT 2005"]
[Source "ChessBase"]
[SourceDate "2004.11.15"]
[SourceVersion "1"]
[SourceVersionDate "2004.11.15"]
[SourceQuality "1"]

1. Nc3 Nf6 2. e4 d6 3. d4 g6 4. Be3 Bg7 5. h3 0-0 6. f4 c6 7. Qd2 Nbd7 8. 0-0-0 b5 9. e5 Ne8 10. Kb1 d5 11. g4 Nb6 12. Ka1 a5 13. Nf3 a4 14. f5 Nc4 15. Bxc4 bxc4 16. a3 Qa5 17. h4 Nc7 18. Bh6 Nb5 19. Bxg7 Kxg7 20. h5 Nxc3 21. bxc3 gxf5 22. gxf5 Rg8 23. Rhg1+ Kh8 24. Ng5 Rxg5 25. Rxg5 f6 26. Rg3 Bxf5 27. exf6 Qc7 28. Qg5 e6 29. Rdg1 Qf7 30. Qg7+ Qxg7 31. Rxg7 h6 32. R1g6 Bxg6 33. hxg6 Rd8 34. Rh7+ Kg8 35. f7+ Kf8 36. Rh8+ Ke7 37. Rxd8 1-0

[Event "Ken Smith Memorial op"]
[Site "Dallas"]
[Date "2000.??.??"]
[Round "?"]
[White "Van Meter, Lester"]
[Black "Ashton, Jeff"]
[Result "0-1"]
[WhiteElo "2285"]
[BlackElo "2161"]
[PlyCount "64"]
[EventDate "2000.02.04"]
[EventType "swiss"]
[EventRounds "5"]
[EventCountry "USA"]
[SourceTitle "EXT 2002"]
[Source "ChessBase"]
[SourceDate "2001.11.25"]
[SourceVersion "1"]
[SourceVersionDate "2001.11.25"]
[SourceQuality "1"]

1. Nc3 c5 2. Nf3 Nc6 3. e4 d6 4. d4 cxd4 5. Nxd4 Nf6 6. f3 e6 7. Be3 Be7 8. Qd2 a6 9. 0-0-0 Qc7 10. g4 b5 11. g5 Nd7 12. f4 Nb6 13. Bxb5 axb5 14. Ndxb5 Qb7 15. Bxb6 Qxb6 16. f5 Rb8 17. f6 gxf6 18. gxf6 Bxf6 19. Nxd6+ Ke7 20. Ncb5 Rd8 21. a4 Ba6 22. Rhf1 Bxb5 23. Rxf6 Ne5 24. Qg5 Rxd6 25. Rff1+ Ke8 26. Qxe5 Rxd1+ 27. Rxd1 Bxa4 28. Rd6 Qb5 29. Rd5 Qxb2+ 30. Qxb2 Rxb2 31. Rd4 Rxc2+ 32. Kb1 Rxh2 0-1

[Event "Texas-ch"]
[Site "Dallas"]
[Date "2000.??.??"]
[Round "4"]
[White "Van Meter, Lester"]
[Black "Shaffer, Alexander"]
[Result "1-0"]
[WhiteElo "2285"]
[BlackElo "2015"]
[PlyCount "127"]
[EventDate "2000.06.??"]
[EventType "swiss"]
[EventRounds "6"]
[EventCountry "USA"]
[SourceTitle "EXT 2001"]
[Source "ChessBase"]
[SourceDate "2000.11.22"]
[SourceVersion "1"]
[SourceVersionDate "2000.11.22"]
[SourceQuality "1"]

1. Nc3 g6 2. e4 Bg7 3. d4 d6 4. Be3 Nf6 5. Qd2 Ng4 6. Bg5 f6 7. Bh4 0-0 8. h3 Nh6 9. f4 Nc6 10. Nf3 Nf7 11. d5 Nb4 12. a3 Na6 13. g4 e5 14. dxe6 Bxe6 15. 0-0-0 Re8 16. Nd4 Bd7 17. Bc4 Nc5 18. Rhe1 c6 19. Nf3 Be6 20. Bxe6 Nxe6 21. Bg3 Qa5 22. h4 f5 23. gxf5 Bxc3 24. Qxc3 Qxc3 25. bxc3 gxf5 26. exf5 Ng7 27. Bf2 Rxe1 28. Rxe1 Nxf5 29. Rg1+ Kf8 30. Nd4 Ng7 31. Kd2 Re8 32. Rb1 Re7 33. f5 Nh5 34. Ne6+ Ke8 35. Rg1 c5 36. Rg8+ Kd7 37. Rb8 Kc6 38. Be3 Ng3 39. Rf8 Kd5 40. Bg5 Rd7 41. c4+ Kxc4 42. f6 h6 43. Ke3 Kd5 44. Re8 hxg5 45. hxg5 Ne5 46. Nf4+ Kc6 47. Nd3 Ng6 48. Kf3 Nf5 49. Kg4 Nfh4 50. Nf4 Rf7 51. Rg8 Nxf4 52. Kxf4 Kd5 53. Kg4 Ng2 54. Re8 Kd4 55. Re7 Ne3+ 56. Rxe3 Kxe3 57. Kf5 Kd2 58. g6 Rxf6+ 59. Kxf6 Kxc2 60. g7 c4 61. g8Q c3 62. Qc4 d5 63. Qxd5 Kb1 64. Qxb7+ 1-0